MDQL
is popping MORE tags! Check the
thread
!
Quizzes
Events
Quiz Creation
Community
Videos
Private Events
Remove Ads
Sign In
Join for FREE
Feedback
Dark Mode
Quiz Categories
Sports
Geography
Music
Movies
Television
Just For Fun
Miscellaneous
History
Literature
Language
Science
Gaming
Entertainment
Religion
Holiday
For Kids
Quiz Lab
Recent
Popular Today
Quiz Kudos Today
Editor Picks
Curator Picks
Quizzes by...
Day
Popularity
Type
Ratings
Length
Year
Community
Subscriptions
Recent Discussions
Orange Saloon
Badges
Playlists
Quests
Create
Leaderboards
Showdown
Live 5
Trivia Bingo
Activity
Puzzle Library
Sporcle Events
Private Events
Virtual Trivia
Globe League
Become a Host
Pub Owners
SporcleCon
Opinionation
Our Games
Videos
Blog
Mobile Apps
Partnerships
Remove Ads and Go Orange
Feedback
Religion
Mythology
Religious Music
World Religions
Bible
Christianity
Catholicism
Judaism
Church
Scripture
Islam
Verse
Religion
Mythology
Religious Music
World Religions
Bible
Christianity
Catholicism
Judaism
Church
Scripture
Islam
Verse
Random Quiz
Search Sporcle
×
Quiz Lab
Quiz Lab
Religion
Book
Type in answers that appear in a list
Type in answers that appear in a list
Classic
Best Score? Go Orange.
Bible, Chapters per book Stats
Can you name how many chapters each book of the Bible has.
By
Fitchmusic
10m
66 Questions
60 Plays
60 Plays
60 Plays
Comments
Comments
Give Quiz Kudos
Give Quiz Kudos
-
- Ratings
hide this ad
Forced Order
Answers have to be entered in order
Answers have to be entered in order
Replay
Link that replays current quiz
Next Quiz
Link to next quiz in quiz playlist
You Got
0%
They Got
Avg Score
59%
Avg Friend Score
Upgrade to see
Score Distribution
Jump to the score distribution portion of the page
Score
0/66
Timer
10:00
0
Plays Today
Book
Chapters
% Correct
Genesis
50
93.3%
Exodus
40
76.7%
Ruth
4
66.7%
Psalms
150
66.7%
Obadiah
1
66.7%
Jonah
4
66.7%
Isaiah
66
65%
2 John
1
65%
3 John
1
65%
Jude
1
65%
Esther
10
63.3%
Malachi
4
63.3%
Philemon
1
63.3%
Leviticus
27
61.7%
Job
42
61.7%
Proverbs
31
61.7%
Ecclesiastes
12
61.7%
Song of Songs
8
61.7%
Daniel
12
61.7%
1 John
5
61.7%
Joel
3
60%
Habbakuk
3
60%
Mark
16
60%
Luke
24
60%
John
21
60%
Acts
28
60%
Titus
3
60%
Hebrews
13
60%
James
5
60%
1 Peter
5
60%
2 Peter
3
60%
Revelation
22
60%
Deuteronomy
34
58.3%
Book
Chapters
% Correct
Judges
21
58.3%
Ezra
10
58.3%
Amos
9
58.3%
Micah
7
58.3%
Nahum
3
58.3%
Zephaniah
3
58.3%
Haggai
2
58.3%
Zechariah
14
58.3%
Matthew
28
58.3%
Romans
16
58.3%
Galatians
6
58.3%
Ephesians
6
58.3%
Philippians
4
58.3%
Colossians
4
58.3%
1 Timothy
6
58.3%
2 Timothy
4
58.3%
Joshua
24
56.7%
Nehemiah
13
56.7%
Hosea
14
56.7%
1 Corinthians
16
56.7%
1 Thessalonians
5
56.7%
2 Thessalonians
3
56.7%
1 Samuel
31
55%
2 Samuel
24
55%
2 Kings
25
55%
Jeremiah
52
55%
Lamentations
5
55%
2 Corinthians
13
55%
Numbers
36
53.3%
1 Kings
22
53.3%
2 Chronicles
36
51.7%
1 Chronicles
29
50%
Ezekiel
48
48.3%
Quiz Playlist
Details
Report
Send in Message
Add To Playlist
Classic:
Type in answers that appear in a list
Forced Order:
Answers have to be entered in order
Last Updated: Sep 8, 2017
Quiz Scoreboard
CHALLENGE
Sign Up to Join the Scoreboard
Show All
Scores
Hide
Comments
May contain spoilers
Recently Published
5x2 Blitz: Bands
by SL_Kpop136
Music
30s
Colored Red Africa Blitz
by spor1
Geography
30s
Find the 'City' Movie
by crazypaving
Movies
60s
More to Explore
Quiz From the Vault
Featured Blog Post
14 Easter Pick-up Lines to Find Eggs With
hide this ad
You Might Also Like...
Tags
Bible Quiz
Book Quiz
Scripture Quiz
Chapter
Testament
Today's Top Quizzes in Religion
Browse Religion
hide this ad
Today's Top Quizzes in Book
Browse Book
Top Contributed Quizzes in Religion
1
Christmas Pick: Judaism
2
Christmas Pick: Islam
3
Christmas Pick: World Religions
4
Longevity in the Bible
5
Christmas Pick: Religious Music
6
Christmas Pick: Scripture
7
Mythological Creature Bunker
8
Surahs of the Quran with meaning Part 1
9
One Thing in Common: Mythology
10
99 names of Allah
Explore More
Trending Topics
Marvel
Disney
Harry Potter
Anime
NBA
Kpop
Crossword
Puzzle
Song
NFL
Country
WWE
The Office
Soccer
Pokémon
hide this ad
More By:
Fitchmusic
Quiz
Plays
Rating
Category
Featured
Created
Bach or Handel?
1,596
4.80
Music
Jul 28, 2017
The Office Typing Challenge
447
4.50
Television
Aug 29, 2017
Game of Thrones Typing Challenge
437
4.00
Television
Aug 30, 2017
John Williams or Hans Zimmer
296
5.00
Music
Jul 22, 2017
Game of Thrones Locations in Titles
225
4.50
Television
Jul 22, 2017
Go to Creator's Profile
Score Distribution
Quiz Creator Spotlight
Fitchmusic
Follow
Send a Message
Quizzes Created
-
Created Quiz Play Count
-
More By This Creator
Popular Quizzes Today
1
Find the 'City' Movie
2
Colored Red Africa Blitz
3
Find the US States - No Outlines Minefield
4
5x2 Blitz: Bands
5
The Countries of the World
6
Find the US States
7
US States
8
9x9 Crossword: Cartoon Network
More Religion Quizzes
Disney Mythological Creatures
Editor's Pick
Trending Quizzes
Colored Red Europe Blitz I
Colored Red Africa Blitz II
Colored Red Europe Blitz II
Colored Red Africa Blitz III
Colored Red Europe Blitz III
Recently Updated
2024 March Madness Bracket
pecheneg
Famous TV Couples
Peacemaker
Champions League XIs: Real Madrid
pecheneg
Largest US Cities 1790-2010
pecheneg
Rides in Walt Disney World
pecheneg
Most Oscar Losses (Acting)
pecheneg
Beyoncé Albums
pecheneg
Leaping Animals
pecheneg
Reality TV Shows (A-Z)
bhenderson79
Rickey Henderson's Hall of Fame Teammates
pecheneg
Trending Topics
Kpop
Disney
Anime
NBA
Crossword
Marvel
Harry Potter
The Office
Soccer
NFL
Song
Puzzle
WWE
Pokémon
Country
Your Account Isn't Verified!
In order to create a playlist on Sporcle, you need to verify the email address you used during registration. Go to your
Sporcle Settings
to finish the process.
Report this User
Report this user for behavior that violates our
Community Guidelines
.
Details:
Send Report
Go to the Sporcle.com Mobile Site →
Comments